Представление документа в формате MARC21

Поле Инд. ПП Название Значение
Тип записи a
Библиографический уровень b
001 Контрольный номер UNIDUBNA6f14fde1976f49ffbe9d30cb06579504
005 Дата корректировки 20260528230604.9
084 a Индекс другой классификации/Индекс ББК 63.3(2)5
100 1_ a Автор Акишин М.
q Полное имя Акишин Михаил
245 10 a Заглавие Налог на бороду
504 a Библиография Библиогр. в примеч.
600 14 a Персоналии Петр I Великий
650 04 a Основная рубрика история
653 0_ a Ключевые слова XVIII век
a Ключевые слова Россия
773 18 t Заглавие источника Родина
d Дата издания источника 2005
g Прочая информация № 2. - С. 21-23 : ил.
w Контрольный № источника RU/IS/BASE/163349940
901 t Тип документа b